The Samaritan / (Record no. 32233)
[ view plain ]
| 000 -LEADER | |
|---|---|
| fixed length control field | 00613cam a22002057i 4500 |
| 001 - CONTROL NUMBER | |
| control field | 22832437 |
| 005 - DATE AND TIME OF LATEST TRANSACTION | |
| control field | 20250512100249.0 |
| 008 - FIXED-LENGTH DATA ELEMENTS--GENERAL INFORMATION | |
| fixed length control field | 221018s2022 ke 000 1 eng |
| 010 ## - LIBRARY OF CONGRESS CONTROL NUMBER | |
| LC control number | 2022322800 |
| 020 ## - INTERNATIONAL STANDARD BOOK NUMBER | |
| International Standard Book Number | 9789966657534 |
| 040 ## - CATALOGING SOURCE | |
| Original cataloging agency | DLC |
| Language of cataloging | eng |
| Description conventions | rda |
| Transcribing agency | DLC |
| 042 ## - AUTHENTICATION CODE | |
| Authentication code | lcode |
| 050 00 - LIBRARY OF CONGRESS CALL NUMBER | |
| Classification number | PS 3602 .L32 2023 |
| 100 1# - MAIN ENTRY--PERSONAL NAME | |
| Personal name | Lara, John, |
| Relator term | author. |
| 245 14 - TITLE STATEMENT | |
| Title | The Samaritan / |
| Statement of responsibility, etc. | by John Lara. |
| 260 ## - PUBLICATION, DISTRIBUTION, ETC. (IMPRINT) | |
| Place of publication, distribution, etc. | Nairobi: |
| Name of publisher, distributor, etc. | Kenya Literature Bureau, |
| Date of publication, distribution, etc. | 2023 |
| 300 ## - PHYSICAL DESCRIPTION | |
| Extent | iv, 140 pages ; |
| Dimensions | 18 cm |
| 906 ## - LOCAL DATA ELEMENT F, LDF (RLIN) | |
| a | 7 |
| b | cbc |
| c | origode |
| d | 4 |
| e | ncip |
| f | 20 |
| g | y-gencatlg |
| 942 ## - ADDED ENTRY ELEMENTS (KOHA) | |
| Source of classification or shelving scheme | |
| Koha item type | Africana (Books) |
| Classification part | PS 3602 .L32 2023 |
| Withdrawn status | Lost status | Source of classification or shelving scheme | Damaged status | Not for loan | Home library | Current library | Shelving location | Date acquired | Source of acquisition | Cost, normal purchase price | Total Checkouts | Full call number | Barcode | Date last seen | Price effective from | Koha item type | Date last checked out |
|---|---|---|---|---|---|---|---|---|---|---|---|---|---|---|---|---|---|
| MACHAKOS UNIVERSITY LIBRARY | MACHAKOS UNIVERSITY LIBRARY | Africana | 04/04/2025 | Purchase - Corporate Campus | 800.00 | PS 3602 .L32 2023 | 40134 | 31/03/2025 | 12/05/2025 | Africana (Books) | |||||||
| MACHAKOS UNIVERSITY LIBRARY | MACHAKOS UNIVERSITY LIBRARY | Africana | 04/04/2025 | Purchase - Corporate Campus | 800.00 | 2 | PS 3602 .L32 2023 | 40135 | 05/12/2025 | 12/05/2025 | Africana (Books) | 05/12/2025 |